header

Beyond straight and gay marriage (Record no. 33527)

MARC details
000 -LEADER
fixed length control field 02118nam a22003734a 4500
082 04 - DEWEY DECIMAL CLASSIFICATION NUMBER
Classification number 346.7301/6
100 1# - MAIN ENTRY--AUTHOR NAME
Personal name Polikoff, Nancy D.
245 10 - TITLE STATEMENT
Title Beyond straight and gay marriage
260 ## - PUBLICATION, DISTRIBUTION, ETC. (IMPRINT)
Place of publication Boston :
Name of publisher Beacon Press,
Year of publication 2008.
300 ## - PHYSICAL DESCRIPTION
Number of Pages ix, 259 p.
505 0# - FORMATTED CONTENTS NOTE
Formatted contents note The changing meaning of marriage -- Gay rights and the conservative backlash -- Redefining family -- The right and the marriage movement -- LGBT families and the marriage equality movement -- Countries where marriage matters less -- Valuing all families -- Domestic partner benefits for all families -- Coping with illness : medical care and family and medical leave -- When a relationship ends through dissolution or death : distributing assets and providing for children -- Losing an economic provider : wrongful death, workers compensation, and social security.
650 #0 - SUBJECT ADDED ENTRY--TOPICAL TERM
Topical Term Unmarried couples
Topical Term Domestic partner benefits
Topical Term Same-sex marriage
Topical Term Civil unions
Topical Term Gay couples
Topical Term Lesbian couples
856 40 - ELECTRONIC LOCATION AND ACCESS
Uniform Resource Identifier http://site.ebrary.com/lib/rucke/Doc?id=10256106

No items available.

© 2026 Rongo University
Contact us: librarian | system librarian | Rongo university